banner-ar

علم الاجتماع الجمالى / (Record no. 63057)

MARC details
000 -الفاتح
حقل البيانات ثابتة الطول 01006nam a22002297a 4500
005 - وقت وتاريخ اخر تعامل مع التسجيلة
رقم الضبط 20240530110621.0
008 - عناصر البيانات ثابتة الطول - معلومات عامة
حقل البيانات ثابتة الطول 161220s2015 ua g 000 0 ara d
017 ## - رقم الايداع القانونى
رقم الايداع القانونى 2014/25200
المصدر ( الهيئة المختصة) مصر. دار الكتب
020 ## - الرقم الدولى المعيارى للكتب
الرقم الدولى المعيارى للكتاب 9789774115444
040 ## - مصدر الفهرسة
وكالة الفهرسة الأصلية EG-CaGPL
وكالة النسخ EG-CaGPL
082 04 - رقم تصنيف ديوى العشرى
رقم الطبعة 21
رقم التصنيف 306.489\
رقم المادة ا ع
245 00 - بيان العنوان
العنوان علم الاجتماع الجمالى /
بيان المسئوليه,etc اشراف السيد على شتا ؛ اعداد و تبويب و مراجعة الترجمة و العرض و التعريب لجنة من المتخصصين
250 ## - بيان الطبعة
بيان الطبعة ط. 1
260 ## - PUBLICATION, DISTRIBUTION, ETC. (IMPRINT)
تاريخ النشر أو التوزيع 2015 .
300 ## - الوصف المادى
التعداد 265 ص. ؛
أبعاد الوعاء 24 سم.
490 0# - بيان السلسلة
عنوان السلسلة موسوعة العلوم الاجتماعية ؛
رقم المجلد/ التعيين التسلسلي 43
650 07 - المدخل الاضافى بالموضوع-مصطلح موضوعى
مصدر الرأس أو المصطلح qrmak
مصطلح موضوعي الاجتماع الفنى
التقسيم الفرعي العام علم
700 0# - المدخل الاضافى - اسم شخصى
الإسم الشخصى السيد على شتا
الدور اشراف
700 0# - المدخل الاضافى - اسم شخصى
الإسم الشخصى لجنة من المتخصصين
الدور معد و مترجم
942 ## - عناصر المدخل الإضافي( كوها)
مصدر التصنيف او مخطط الترفيف Dewey Decimal Classification
Koha [default] item type كتاب
260 ## - PUBLICATION, DISTRIBUTION, ETC. (IMPRINT)
-- القاهرة :
-- المكتبة المصرية للنشر و التوزيع ،
Holdings
حالة التراجع حالة الفقد حالة تلف ليس للاعارة المكان المؤقت الموقع الحالى موقع الترفيف تاريخ الاكتساب اجمالي اﻻعارات رقم الطلب الباركود تاريخ اخر مشاهدة تاريخ تفعيل السعر نوع وعاء كوها
        مكتبة القاهرة الكبرى مكتبة القاهرة الكبرى القاعة الرئيسية 12/20/2016   306.489\ ا ع 163009 12/20/2016 12/20/2016 كتاب

Powered By

EGPV